| 000 | 00551nam a22002057a 4500 | ||
|---|---|---|---|
| 003 | MPLRDC | ||
| 005 | 20220104202932.0 | ||
| 008 | 210129b ||||| |||| 00| 0 eng d | ||
| 020 | _a978-986-289-337-1 | ||
| 082 | _a992.77 DYC | ||
| 100 | _a丁奕岑 主编 | ||
| 245 |
_a瑞士 _c林安慧、尤可欣、林琴惠 译 |
||
| 250 | _a初版 | ||
| 260 |
_a台湾 _b墨刻出版股份有限公司 _c2017 |
||
| 300 | _b平 | ||
| 490 | _a地球的步方: 41 | ||
| 520 | _a新书上架 2018-05-02。 | ||
| 650 | _a登山 | ||
| 942 |
_cBK _o992.77 DYC |
||
| 999 |
_c67883 _d67873 |
||